Atmospheric thermodynamics (Record no. 375309)

MARC details
000 -LEADER
fixed length control field 00669nam a2200217Ia 4500
008 - FIXED-LENGTH DATA ELEMENTS--GENERAL INFORMATION
fixed length control field 191130s1998##################000#0#eng##
020 ## - INTERNATIONAL STANDARD BOOK NUMBER
ISBN 195099044
082 ## - DEWEY DECIMAL CLASSIFICATION NUMBER
Classification number 551.522 BOH
100 ## - MAIN ENTRY--AUTHOR NAME
Personal name Bohren, Craig F
245 ## - TITLE STATEMENT
Title Atmospheric thermodynamics
Statement of responsibility, etc Craig F. Bohren, Bruce A. Albrecht
260 ## - PUBLICATION, DISTRIBUTION, ETC. (IMPRINT)
Place of publication Oxford
Name of publisher Oxford University Press
Year of publication 1998
300 ## - PHYSICAL DESCRIPTION
Number of Pages xiv, 402 p. : ill. ; 24 cm
500 ## - GENERAL NOTE
General note Includes bibliographical references (p. 386-394) and index
650 ## - SUBJECT ADDED ENTRY--TOPICAL TERM
Topical Term Atmospheric thermodynamics
700 ## - ADDED ENTRY--PERSONAL NAME
Personal name Albrecht, Bruce A
991 ## -
-- 173059
Holdings
Withdrawn status Lost status Damaged status Not for loan Home library Current library Shelving location Date acquired Full call number Accession Number Price effective from Koha item type
        Anna Centenary Library Anna Centenary Library 5TH FLOOR, A WING 17.10.2020 551.522 BOH 290854 17.10.2020 English Books

Find us on the map